000 01432nam a22003857a 4500
003 CHAP
005 20220329141059.0
008 971013s1996 r 00010 d
010 _a62307
011 _a63279
035 _a67455
040 _cCHAP
090 _aFolleto 14866
100 0 0 _aCabrera Mireles, Héctor.
_916686
245 _aTécnica de embolsado para obtener mango manila de alta calidad sanitaria
260 _aCotlaxtla, Ver. :
_bINIFAP. Campo Experimental Cotaxtla,
_c1996
300 _a19 h.
_b: ilus.
490 _aINIFAP. Campo Experimental Cotaxtla. Folleto técnico
_v; 16
590 _aBATCH-UPD
_b10
_c20130110
_lUCH01
_h0622
590 _aBATCH-UPD
_b10
_c20130110
_lUCH01
_h2253
590 _aBATCH-UPD
_b10
_c20130410
_lUCH01
_h0305
590 _aBATCH-UPD
_b10
_c20130410
_lUCH01
_h1647
590 _aBATCH-UPD
_b10
_c20130914
_lUCH01
_h1743
590 _aCONVERSION
_b10
_c20130109
_lUCH01
_h1333
650 1 4 _aMango
_xEmpaque.
_970409
650 1 4 _aMango
_xTecnología postcosecha.
_970457
700 0 _aAngel Perez, Ana Lid del.
_95757
700 0 _aOrtega Zaleta, Dora Alicia.
_983898
830 0 _aINIFAP. Campo Experimental Cotaxtla. Folleto técnico
_v; 16
_958655
901 _aBK
942 _cFOLL
949 _aFolleto 14866
_bBC
_cFOLL
_d-152605
_eTS1
_i67455
_sb
949 _aFolleto 14866
_bBC
_cFOLL
_d-153175
_eTS2
_fc.2
_i67455
_sb
949 _aFolleto 14866
_bBC
_cFOLL
_d-153176
_eTS2
_fc.3
_i67455
_si
999 _c62307
_d62307